[Event "2020 Australian Chess Championship"]
[Site "Sydney, Australia"]
[Date "2020.01.13"]
[Round "11.1"]
[White "O`Chee, Kevin"]
[Black "Kuybokarov, Temur"]
[Result "1/2-1/2"]
[WhiteElo "2156"]
[BlackElo "2523"]

1. c4 {[%clk 01:30:53]} {[%emt 00:00:07]} e5 {[%clk 01:30:42]} {[%emt
00:00:17]} 2. g3 {[%clk 01:31:02]} {[%emt 00:00:22]} Nc6 {[%clk 01:30:24]}
{[%emt 00:00:47]} 3. Bg2 {[%clk 01:31:20]} {[%emt 00:00:13]} Bc5 {[%clk
01:29:54]} {[%emt 00:01:00]} 4. Nc3 {[%clk 01:30:44]} {[%emt 00:01:06]} d6
{[%emt 00:00:28]} 5. Na4 {[%clk 01:29:26]} {[%emt 00:01:42]} Nge7 {[%clk
01:28:49]} {[%emt 00:01:43]} 6. Nxc5 {[%clk 01:29:30]} {[%emt 00:00:28]} dxc5
{[%clk 01:29:11]} {[%emt 00:00:08]} 7. d3 {[%clk 01:29:19]} {[%emt 00:00:41]}
O-O {[%clk 01:26:48]} {[%emt 00:02:52]} 8. f4 {[%clk 01:28:06]} {[%emt
00:01:44]} exf4 {[%clk 01:22:01]} {[%emt 00:05:18]} 9. Bxf4 {[%clk 01:28:09]}
{[%emt 00:00:26]} Ng6 {[%clk 01:19:46]} {[%emt 00:02:42]} 10. Nf3 {[%clk
01:25:13]} {[%emt 00:03:28]} Nxf4 {[%clk 01:14:37]} {[%emt 00:05:40]} 11. gxf4
{[%clk 01:25:34]} {[%emt 00:00:08]} Nd4 {[%clk 01:14:54]} {[%emt 00:00:13]} 12.
O-O {[%clk 01:15:52]} {[%emt 00:10:12]} Nxf3+ {[%clk 01:05:19]} {[%emt
00:10:05]} 13. Bxf3 {[%clk 01:16:07]} {[%emt 00:00:14]} Qd4+ {[%clk 01:05:13]}
{[%emt 00:00:37]} 14. Kh1 {[%clk 01:15:18]} {[%emt 00:01:19]} Qxf4 {[%clk
01:01:13]} {[%emt 00:04:30]} 15. Be4 {[%clk 01:15:06]} {[%emt 00:00:41]} Qd6
{[%clk 00:57:17]} {[%emt 00:04:27]} 16. Qd2 {[%clk 01:10:50]} {[%emt 00:04:46]}
f5 {[%clk 00:57:30]} {[%emt 00:00:17]} 17. Bf3 {[%clk 01:07:53]} {[%emt
00:03:27]} c6 {[%clk 00:54:52]} {[%emt 00:03:08]} 18. Rg1 {[%clk 01:07:12]}
{[%emt 00:01:10]} Bd7 {[%clk 00:50:33]} {[%emt 00:04:49]} 19. Rg2 {[%clk
01:03:42]} {[%emt 00:04:00]} Rae8 {[%clk 00:49:03]} {[%emt 00:02:00]} 20. Rag1
{[%clk 01:02:42]} {[%emt 00:01:30]} Re7 {[%clk 00:49:21]} {[%emt 00:00:13]} 21.
Qa5 {[%clk 01:00:24]} {[%emt 00:02:48]} Ra8 {[%clk 00:45:18]} {[%emt 00:04:33]}
22. a3 {[%clk 00:57:55]} {[%emt 00:02:59]} b6 {[%clk 00:44:01]} {[%emt
00:01:47]} 23. Qa6 {[%clk 00:56:31]} {[%emt 00:01:54]} Bc8 {[%clk 00:42:55]}
{[%emt 00:01:37]} 24. Qa4 {[%clk 00:56:45]} {[%emt 00:00:15]} Bb7 {[%clk
00:42:52]} {[%emt 00:00:33]} 25. Rg5 {[%clk 00:55:47]} {[%emt 00:01:26]} Qf6
{[%clk 00:41:21]} {[%emt 00:02:03]} 26. Qc2 {[%clk 00:54:58]} {[%emt 00:01:19]}
Rd8 {[%clk 00:39:08]} {[%emt 00:02:43]} 27. Qb1 {[%clk 00:53:32]} {[%emt
00:01:56]} a5 {[%clk 00:34:03]} {[%emt 00:05:36]} 28. Qc2 {[%clk 00:52:53]}
{[%emt 00:01:08]} Bc8 {[%clk 00:33:50]} {[%emt 00:00:44]} 29. Qb3 {[%clk
00:51:21]} {[%emt 00:02:02]} Rb7 {[%clk 00:34:12]} {[%emt 00:00:07]} 30. Qa4
{[%clk 00:51:00]} {[%emt 00:00:50]} Qxb2 {[%clk 00:31:33]} {[%emt 00:03:10]} 31.
Qxc6 {[%clk 00:45:53]} {[%emt 00:05:38]} Qe5 {[%clk 00:27:01]} {[%emt
00:05:01]} 32. Qh6 {[%clk 00:42:53]} {[%emt 00:03:29]} Kh8 {[%clk 00:24:41]}
{[%emt 00:02:51]} 33. Qh4 {[%clk 00:41:47]} {[%emt 00:01:36]} Rd6 {[%clk
00:19:16]} {[%emt 00:05:55]} 34. Rh5 {[%clk 00:37:15]} {[%emt 00:05:01]} g6
{[%clk 00:17:32]} {[%emt 00:02:15]} 35. Rhg5 {[%clk 00:37:21]} {[%emt
00:00:24]} Rg7 {[%clk 00:17:29]} {[%emt 00:00:33]} 36. Qh6 {[%clk 00:36:15]}
{[%emt 00:01:35]} Bd7 {[%clk 00:13:10]} {[%emt 00:04:50]} 37. Qh3 {[%clk
00:34:44]} {[%emt 00:02:00]} Qf6 {[%clk 00:12:22]} {[%emt 00:01:19]} 38. Bd5
{[%clk 00:33:21]} {[%emt 00:01:53]} Be6 {[%clk 00:12:03]} {[%emt 00:00:49]} 39.
Bf3 {[%clk 00:30:55]} {[%emt 00:02:56]} Bd7 {[%clk 00:12:00]} {[%emt 00:00:33]}
40. Bd5 {[%clk 00:29:56]} {[%emt 00:01:28]} Qd4 {[%clk 00:12:02]} {[%emt
00:00:29]} 41. Qg3 {[%clk 00:28:22]} {[%emt 00:02:04]} Rxd5 {[%clk 00:07:06]}
{[%emt 00:05:26]} 42. cxd5 {[%clk 00:28:34]} {[%emt 00:00:18]} Qxd5+ {[%clk
00:07:23]} {[%emt 00:00:13]} 43. e4 {[%clk 00:28:19]} {[%emt 00:00:45]} Qd4
{[%clk 00:29:06]} {[%emt 00:08:47]} 44. Qb8+ {[%clk 00:53:56]} {[%emt
00:04:52]} Rg8 {[%clk 00:29:32]} {[%emt 00:00:04]} 45. Qxb6 {[%clk 00:54:13]}
{[%emt 00:00:12]} Qxd3 {[%clk 00:27:32]} {[%emt 00:02:30]} 46. Qf6+ {[%clk
00:53:00]} {[%emt 00:01:44]} Rg7 {[%clk 00:27:57]} {[%emt 00:00:05]} 47. Qf8+
{[%clk 00:53:06]} {[%emt 00:00:24]} Rg8 {[%clk 00:28:23]} {[%emt 00:00:05]} 48.
Qf6+ {[%clk 00:53:30]} {[%emt 00:00:05]} Rg7 {[%clk 00:28:49]} {[%emt
00:00:04]} 49. Qf8+ {[%clk 00:53:55]} {[%emt 00:00:05]} Rg8 {[%clk 00:29:14]}
{[%emt 00:00:05]} 50. Qf6+ {[%clk 00:54:19]} {[%emt 00:00:05]} Rg7 {[%clk
00:29:40]} {[%emt 00:00:04]} 51. Qf8+ {[%clk 00:54:43]} {[%emt 00:00:06]} Rg8
{[%clk 00:30:06]} {[%emt 00:00:04]} 52. Qf6+ {[%clk 00:55:02]} {[%emt
00:00:10]} 1/2-1/2

[Event "2020 Australian Chess Championship"]
[Site "Sydney, Australia"]
[Date "2020.01.13"]
[Round "11.2"]
[White "Ikeda, Junta"]
[Black "McGowan, Cameron"]
[Result "1-0"]
[WhiteElo "2438"]
[BlackElo "2221"]

1. Nf3 {[%clk 01:30:56]} {[%emt 00:00:04]} Nf6 {[%clk 01:30:54]} {[%emt
00:00:07]} 2. g3 {[%clk 01:31:18]} {[%emt 00:00:08]} g6 {[%clk 01:31:20]}
{[%emt 00:00:04]} 3. b3 {[%clk 01:31:37]} {[%emt 00:00:11]} d6 {[%clk
01:27:56]} {[%emt 00:03:54]} 4. d4 {[%clk 01:30:59]} {[%emt 00:01:08]} Bg7
{[%clk 01:28:05]} {[%emt 00:00:21]} 5. Bb2 {[%clk 01:31:17]} {[%emt 00:00:13]}
O-O {[%clk 01:27:29]} {[%emt 00:01:06]} 6. Bg2 {[%clk 01:31:43]} {[%emt
00:00:04]} Nfd7 {[%clk 01:21:42]} {[%emt 00:06:17]} 7. O-O {[%clk 01:20:04]}
{[%emt 00:12:09]} Nc6 {[%clk 01:20:09]} {[%emt 00:02:03]} 8. c4 {[%clk
01:16:59]} {[%emt 00:03:35]} e5 {[%clk 01:20:07]} {[%emt 00:00:32]} 9. dxe5
{[%clk 01:08:11]} {[%emt 00:09:18]} Ndxe5 {[%clk 01:17:33]} {[%emt 00:03:04]}
10. Nxe5 {[%clk 01:05:17]} {[%emt 00:03:24]} dxe5 {[%clk 01:12:57]} {[%emt
00:05:06]} 11. Nc3 {[%clk 01:03:46]} {[%emt 00:02:01]} Qxd1 {[%clk 01:06:42]}
{[%emt 00:06:45]} 12. Rfxd1 {[%clk 01:03:13]} {[%emt 00:01:04]} Nd4 {[%clk
01:02:15]} {[%emt 00:04:57]} 13. Ba3 {[%clk 00:51:40]} {[%emt 00:12:03]} Rd8
{[%clk 00:57:26]} {[%emt 00:05:19]} 14. e3 {[%clk 00:48:20]} {[%emt 00:03:50]}
Ne6 {[%clk 00:56:27]} {[%emt 00:01:29]} 15. Rxd8+ {[%clk 00:46:30]} {[%emt
00:02:20]} Nxd8 {[%clk 00:56:49]} {[%emt 00:00:08]} 16. Nd5 {[%clk 00:46:15]}
{[%emt 00:00:45]} c6 {[%clk 00:54:34]} {[%emt 00:02:44]} 17. Nc7 {[%clk
00:45:44]} {[%emt 00:01:02]} Rb8 {[%clk 00:54:14]} {[%emt 00:00:49]} 18. Bd6
{[%clk 00:45:36]} {[%emt 00:00:38]} e4 {[%clk 00:47:47]} {[%emt 00:06:57]} 19.
Rc1 {[%clk 00:43:36]} {[%emt 00:02:31]} Bf8 {[%clk 00:43:29]} {[%emt 00:04:48]}
20. Bf4 {[%clk 00:41:10]} {[%emt 00:02:56]} Ba3 {[%clk 00:38:11]} {[%emt
00:05:48]} 21. Rf1 {[%clk 00:38:04]} {[%emt 00:03:36]} Bf5 {[%clk 00:26:30]}
{[%emt 00:12:11]} 22. Ne8 {[%clk 00:31:39]} {[%emt 00:06:54]} Rc8 {[%clk
00:26:48]} {[%emt 00:00:12]} 23. Nf6+ {[%clk 00:26:44]} {[%emt 00:05:25]} Kg7
{[%clk 00:27:16]} {[%emt 00:00:02]} 24. Nxe4 {[%clk 00:26:27]} {[%emt
00:00:47]} Bxe4 {[%clk 00:27:21]} {[%emt 00:00:24]} 25. Bxe4 {[%clk 00:26:53]}
{[%emt 00:00:05]} Ne6 {[%clk 00:27:27]} {[%emt 00:00:24]} 26. Be5+ {[%clk
00:26:46]} {[%emt 00:00:36]} f6 {[%clk 00:25:30]} {[%emt 00:02:28]} 27. Bc3
{[%clk 00:27:12]} {[%emt 00:00:04]} Rd8 {[%clk 00:24:52]} {[%emt 00:01:07]} 28.
Kg2 {[%clk 00:24:22]} {[%emt 00:03:20]} Kf7 {[%clk 00:22:38]} {[%emt 00:02:44]}
29. g4 {[%clk 00:23:26]} {[%emt 00:01:27]} Be7 {[%clk 00:22:15]} {[%emt
00:00:52]} 30. f4 {[%emt 00:03:11]} Nc5 {[%clk 00:20:53]} {[%emt 00:01:48]} 31.
Bc2 {[%clk 00:20:34]} {[%emt 00:00:46]} Nd3 {[%clk 00:20:10]} {[%emt 00:01:13]}
32. Rd1 {[%clk 00:19:18]} {[%emt 00:01:46]} Nc5 {[%clk 00:20:31]} {[%emt
00:00:08]} 33. Rxd8 {[%clk 00:19:22]} {[%emt 00:00:27]} Bxd8 {[%clk 00:20:59]}
{[%emt 00:00:03]} 34. Bd4 {[%clk 00:17:21]} {[%emt 00:02:30]} Be7 {[%clk
00:19:34]} {[%emt 00:01:54]} 35. Kf3 {[%clk 00:14:10]} {[%emt 00:03:41]} a6
{[%clk 00:16:59]} {[%emt 00:03:05]} 36. b4 {[%clk 00:13:00]} {[%emt 00:01:40]}
Ne6 {[%clk 00:15:40]} {[%emt 00:01:51]} 37. Bc3 {[%clk 00:13:21]} {[%emt
00:00:12]} c5 {[%clk 00:14:07]} {[%emt 00:02:05]} 38. b5 {[%clk 00:11:36]}
{[%emt 00:02:09]} Nc7 {[%clk 00:14:08]} {[%emt 00:00:28]} 39. a4 {[%clk
00:11:32]} {[%emt 00:00:34]} axb5 {[%clk 00:02:07]} {[%emt 00:12:31]} 40. cxb5
{[%clk 00:09:50]} b6 {[%clk 00:02:25]} {[%emt 00:02:24]} 41. Bb3+ {[%clk
00:10:00]} Ke8 {[%clk 00:23:50]} {[%emt 00:09:24]} 42. Bc4 {[%clk 00:38:34]}
Kd7 {[%clk 00:20:34]} {[%emt 00:05:42]} 43. Ke4 {[%clk 00:36:56]} Ne8 {[%clk
00:19:52]} {[%emt 00:03:20]} 44. a5 {[%clk 00:36:49]} bxa5 {[%clk 00:13:56]}
{[%emt 00:07:03]} 45. Bxa5 {[%clk 00:35:47]} Nd6+ {[%clk 00:12:37]} {[%emt
00:03:21]} 46. Kd5 {[%clk 00:35:51]} Nb7 {[%clk 00:12:27]} {[%emt 00:01:06]} 47.
Bb6 {[%clk 00:35:04]} Bd6 {[%clk 00:11:21]} {[%emt 00:02:53]} 48. Bd3 {[%emt
00:01:59]} Bb8 {[%clk 00:09:12]} {[%emt 00:01:11]} 49. h4 {[%clk 00:34:57]}
{[%emt 00:00:36]} Bc7 {[%clk 00:06:35]} {[%emt 00:03:07]} 50. Bxc7 {[%clk
00:33:02]} {[%emt 00:02:26]} Kxc7 {[%clk 00:07:00]} {[%emt 00:00:05]} 51. e4
{[%clk 00:32:32]} {[%emt 00:01:00]} Kd7 {[%clk 00:04:54]} {[%emt 00:02:35]} 52.
g5 {[%clk 00:31:42]} {[%emt 00:01:19]} 1-0

[Event "2020 Australian Chess Championship"]
[Site "Sydney, Australia"]
[Date "2020.01.13"]
[Round "11.3"]
[White "Bjelobrk, Igor"]
[Black "Puccini, Jack"]
[Result "1/2-1/2"]
[WhiteElo "2403"]
[BlackElo "2265"]

1. d4 {[%clk 01:30:57]} {[%emt 00:00:03]} Nf6 {[%clk 01:30:53]} {[%emt
00:00:07]} 2. c4 {[%clk 01:31:21]} {[%emt 00:00:06]} g6 {[%clk 01:31:19]}
{[%emt 00:00:04]} 3. Nc3 {[%clk 01:31:45]} {[%emt 00:00:06]} Bg7 {[%clk
01:31:45]} {[%emt 00:00:03]} 4. e4 {[%clk 01:32:09]} d6 {[%clk 01:32:11]}
{[%emt 00:00:10]} 5. Nf3 {[%clk 01:32:34]} O-O {[%clk 01:32:36]} {[%emt
00:00:10]} 6. h3 {[%clk 01:32:59]} e5 {[%clk 01:33:01]} {[%emt 00:00:11]} 7. d5
{[%clk 01:33:23]} a5 {[%clk 01:33:19]} {[%emt 00:00:17]} 8. Be3 {[%clk
01:33:26]} Na6 {[%clk 01:33:29]} {[%emt 00:00:48]} 9. g4 {[%clk 01:33:45]} Nd7
{[%clk 01:33:31]} {[%emt 00:00:39]} 10. a3 {[%clk 01:33:59]} Nb6 {[%clk
01:33:31]} {[%emt 00:00:46]} 11. Rg1 {[%clk 01:33:21]} Bd7 {[%clk 01:33:08]}
{[%emt 00:02:01]} 12. h4 {[%clk 01:32:25]} Nc5 {[%clk 01:32:35]} {[%emt
00:02:29]} 13. b3 {[%clk 01:32:25]} Qe7 {[%clk 01:32:38]} {[%emt 00:00:56]} 14.
Rb1 {[%clk 01:27:37]} Rfc8 {[%clk 01:28:08]} {[%emt 00:10:19]} 15. h5 {[%clk
01:24:12]} {[%emt 00:03:55]} c6 {[%clk 01:26:07]} {[%emt 00:02:31]} 16. hxg6
{[%clk 01:22:40]} {[%emt 00:02:02]} fxg6 {[%clk 01:25:36]} {[%emt 00:01:01]} 17.
Nd2 {[%clk 01:08:43]} {[%emt 00:14:27]} cxd5 {[%clk 00:50:25]} {[%emt
00:35:41]} 18. exd5 {[%clk 01:08:15]} {[%emt 00:00:58]} e4 {[%clk 00:48:43]}
{[%emt 00:02:12]} 19. Bxc5 {[%clk 01:08:20]} {[%emt 00:00:25]} Rxc5 {[%clk
00:45:37]} {[%emt 00:03:36]} 20. Ncxe4 {[%clk 01:08:29]} {[%emt 00:00:22]} Rf8
{[%clk 00:39:44]} {[%emt 00:06:23]} 21. Qe2 {[%clk 00:56:51]} {[%emt 00:12:07]}
Qh4 {[%clk 00:35:47]} {[%emt 00:04:26]} 22. Qe3 {[%clk 00:46:31]} {[%emt
00:10:51]} Be5 {[%clk 00:27:09]} {[%emt 00:09:08]} 23. Nf3 {[%clk 00:44:33]}
{[%emt 00:02:28]} Rxf3 {[%clk 00:26:29]} {[%emt 00:01:10]} 24. Qxf3 {[%clk
00:44:57]} {[%emt 00:00:05]} Rc8 {[%clk 00:26:30]} {[%emt 00:00:29]} 25. Bd3
{[%clk 00:41:33]} {[%emt 00:03:54]} Rf8 {[%clk 00:22:57]} {[%emt 00:04:03]} 26.
Qh1 {[%clk 00:23:20]} {[%emt 00:18:44]} Qe7 {[%clk 00:20:18]} {[%emt 00:03:09]}
27. Kf1 {[%clk 00:23:39]} {[%emt 00:00:11]} Rf4 {[%clk 00:18:40]} {[%emt
00:02:07]} 28. g5 {[%clk 00:22:12]} {[%emt 00:01:57]} Bf5 {[%clk 00:17:51]}
{[%emt 00:01:19]} 29. Re1 {[%clk 00:20:37]} {[%emt 00:02:05]} Nd7 {[%clk
00:15:06]} {[%emt 00:03:16]} 30. Rg3 {[%clk 00:16:51]} {[%emt 00:04:16]} Qf7
{[%clk 00:11:56]} {[%emt 00:03:39]} 31. Re2 {[%clk 00:12:14]} {[%emt 00:05:07]}
Rxe4 {[%clk 00:08:54]} {[%emt 00:03:34]} 32. Bxe4 {[%clk 00:12:18]} {[%emt
00:00:24]} Bxg3 {[%clk 00:09:04]} {[%emt 00:00:20]} 33. Bxf5 {[%clk 00:11:00]}
{[%emt 00:01:48]} Qxf5 {[%clk 00:09:29]} {[%emt 00:00:06]} 34. Qe4 {[%clk
00:10:59]} {[%emt 00:00:31]} Be5 {[%clk 00:06:36]} {[%emt 00:03:23]} 35. Qxf5
{[%clk 00:10:02]} {[%emt 00:01:28]} gxf5 {[%clk 00:07:04]} {[%emt 00:00:02]} 36.
f4 {[%clk 00:09:02]} {[%emt 00:01:29]} Bxf4 {[%clk 00:06:27]} {[%emt 00:01:06]}
37. Re7 {[%clk 00:09:29]} {[%emt 00:00:05]} Nc5 {[%clk 00:06:26]} {[%emt
00:00:31]} 38. b4 {[%clk 00:09:22]} {[%emt 00:00:37]} axb4 {[%clk 00:06:51]}
{[%emt 00:00:04]} 39. axb4 {[%clk 00:09:47]} {[%emt 00:00:06]} Ne4 {[%clk
00:06:25]} {[%emt 00:00:56]} 40. Rxb7 {[%clk 00:09:18]} {[%emt 00:00:59]} Nd2+
{[%clk 00:00:58]} {[%emt 00:05:56]} 41. Ke2 {[%clk 00:09:40]} {[%emt 00:00:08]}
Nxc4 {[%clk 00:27:28]} {[%emt 00:04:01]} 42. b5 {[%clk 00:38:56]} {[%emt
00:01:14]} Bh2 {[%clk 00:18:13]} {[%emt 00:09:45]} 43. b6 {[%clk 00:36:00]}
{[%emt 00:03:26]} Nxb6 {[%clk 00:18:05]} {[%emt 00:00:37]} 44. Rxb6 {[%clk
00:36:23]} {[%emt 00:00:07]} Kf7 {[%clk 00:18:25]} {[%emt 00:00:10]} 45. Rb3
{[%clk 00:34:04]} {[%emt 00:02:46]} Kg6 {[%clk 00:16:28]} {[%emt 00:02:30]} 46.
Rh3 {[%clk 00:34:25]} {[%emt 00:00:09]} Be5 {[%clk 00:16:42]} {[%emt 00:00:16]}
47. Rh6+ {[%clk 00:34:41]} {[%emt 00:00:14]} Kxg5 {[%clk 00:16:59]} {[%emt
00:00:14]} 48. Rxh7 {[%clk 00:35:04]} {[%emt 00:00:07]} Kf4 {[%clk 00:16:50]}
{[%emt 00:00:39]} 49. Kd3 {[%clk 00:32:50]} {[%emt 00:02:44]} Kg5 {[%clk
00:16:47]} {[%emt 00:00:33]} 50. Re7 {[%clk 00:31:34]} {[%emt 00:01:46]} Bh2
{[%clk 00:15:36]} {[%emt 00:01:41]} 51. Re6 {[%clk 00:30:54]} {[%emt 00:01:10]}
Bg3 {[%clk 00:15:50]} {[%emt 00:00:16]} 52. Kc4 {[%clk 00:29:27]} {[%emt
00:01:57]} Kg4 {[%clk 00:13:13]} {[%emt 00:03:07]} 53. Kb5 {[%clk 00:28:42]}
{[%emt 00:01:15]} Bh2 {[%clk 00:12:15]} {[%emt 00:01:27]} 54. Kc6 {[%clk
00:28:26]} {[%emt 00:00:46]} Bf4 {[%clk 00:11:37]} {[%emt 00:01:07]} 55. Kd7
{[%clk 00:28:19]} {[%emt 00:00:38]} Be5 {[%clk 00:11:17]} {[%emt 00:00:51]} 56.
Rg6+ {[%clk 00:25:10]} {[%emt 00:03:39]} Kf3 {[%clk 00:11:13]} {[%emt
00:00:34]} 57. Rxd6 {[%clk 00:19:07]} {[%emt 00:06:33]} 1/2-1/2

[Event "2020 Australian Chess Championship"]
[Site "Sydney, Australia"]
[Date "2020.01.13"]
[Round "11.4"]
[White "Zhang, Jilin"]
[Black "Clarke, Brandon G I"]
[Result "1/2-1/2"]
[WhiteElo "2237"]
[BlackElo "2438"]

1. e4 {[%clk 01:30:57]} {[%emt 00:00:02]} c5 {[%clk 01:30:23]} {[%emt
00:00:31]} 2. Nf3 {[%clk 01:31:19]} {[%emt 00:00:14]} d6 {[%clk 01:30:46]}
{[%emt 00:00:08]} 3. d4 {[%clk 01:31:34]} {[%emt 00:00:14]} cxd4 {[%clk
01:31:13]} {[%emt 00:00:03]} 4. Nxd4 {[%clk 01:31:56]} {[%emt 00:00:07]} Nf6
{[%clk 01:31:37]} {[%emt 00:00:06]} 5. Nc3 {[%clk 01:32:21]} {[%emt 00:00:06]}
a6 {[%clk 01:32:03]} {[%emt 00:00:04]} 6. Be2 {[%clk 01:31:52]} {[%emt
00:00:59]} e5 {[%clk 01:32:30]} {[%emt 00:00:02]} 7. Nb3 {[%clk 01:32:14]}
{[%emt 00:00:09]} Be7 {[%clk 01:32:54]} {[%emt 00:00:05]} 8. O-O {[%clk
01:32:31]} {[%emt 00:00:14]} O-O {[%clk 01:32:47]} {[%emt 00:00:38]} 9. Kh1
{[%clk 01:32:47]} {[%emt 00:00:13]} Be6 {[%clk 01:26:12]} {[%emt 00:07:04]} 10.
f4 {[%clk 01:21:53]} {[%emt 00:11:25]} Qc7 {[%clk 01:25:45]} {[%emt 00:00:57]}
11. f5 {[%clk 01:21:34]} {[%emt 00:00:49]} Bc4 {[%clk 01:25:24]} {[%emt
00:00:51]} 12. g4 {[%clk 01:21:47]} {[%emt 00:00:17]} d5 {[%clk 01:20:59]}
{[%emt 00:04:55]} 13. g5 {[%clk 01:20:09]} {[%emt 00:02:08]} Nxe4 {[%clk
01:20:08]} {[%emt 00:01:21]} 14. Nxe4 {[%clk 01:20:24]} {[%emt 00:00:15]} dxe4
{[%clk 01:19:27]} {[%emt 00:01:11]} 15. f6 {[%clk 01:20:42]} {[%emt 00:00:11]}
Bb4 {[%clk 01:16:06]} {[%emt 00:03:51]} 16. Bxc4 {[%clk 01:08:42]} {[%emt
00:12:30]} Qxc4 {[%clk 01:16:15]} {[%emt 00:00:21]} 17. c3 {[%clk 01:08:57]}
{[%emt 00:00:15]} Bd6 {[%clk 01:07:58]} {[%emt 00:08:47]} 18. Be3 {[%clk
01:05:25]} {[%emt 00:04:02]} Rd8 {[%clk 01:05:53]} {[%emt 00:02:35]} 19. fxg7
{[%clk 01:01:48]} {[%emt 00:04:07]} Be7 {[%clk 00:56:23]} {[%emt 00:10:00]} 20.
Qh5 {[%clk 00:59:20]} {[%emt 00:02:58]} Rd3 {[%clk 00:44:11]} {[%emt 00:12:43]}
21. g6 {[%clk 00:39:11]} {[%emt 00:20:40]} fxg6 {[%clk 00:44:24]} {[%emt
00:00:16]} 22. Rf8+ {[%clk 00:39:26]} {[%emt 00:00:15]} Bxf8 {[%clk 00:44:45]}
{[%emt 00:00:09]} 23. gxf8=Q+ {[%clk 00:39:38]} {[%emt 00:00:18]} Kxf8 {[%clk
00:45:13]} {[%emt 00:00:02]} 24. Qxh7 {[%clk 00:39:53]} {[%emt 00:00:14]} Rxe3
{[%clk 00:37:57]} {[%emt 00:07:47]} 25. Qh6+ {[%clk 00:40:07]} {[%emt
00:00:15]} Kf7 {[%clk 00:36:56]} {[%emt 00:01:31]} 26. Qxe3 {[%clk 00:39:06]}
{[%emt 00:01:32]} Nd7 {[%clk 00:32:31]} {[%emt 00:04:56]} 27. Kg1 {[%clk
00:36:42]} {[%emt 00:02:54]} Kg7 {[%clk 00:23:44]} {[%emt 00:09:17]} 28. Re1
{[%clk 00:31:05]} {[%emt 00:06:07]} Rf8 {[%clk 00:21:19]} {[%emt 00:02:56]} 29.
Qxe4 {[%clk 00:24:28]} {[%emt 00:07:07]} Rf1+ {[%clk 00:21:14]} {[%emt
00:00:34]} 30. Kg2 {[%clk 00:23:43]} {[%emt 00:01:15]} Qxe4+ {[%clk 00:21:26]}
{[%emt 00:00:18]} 31. Rxe4 {[%clk 00:24:12]} {[%emt 00:00:01]} Rb1 {[%clk
00:21:41]} {[%emt 00:00:15]} 32. Re2 {[%clk 00:24:27]} {[%emt 00:00:14]} b6
{[%clk 00:21:29]} {[%emt 00:00:42]} 33. c4 {[%clk 00:23:42]} {[%emt 00:01:16]}
Kf7 {[%clk 00:21:35]} {[%emt 00:00:24]} 34. Rc2 {[%clk 00:22:40]} {[%emt
00:01:31]} Ke6 {[%clk 00:21:14]} {[%emt 00:00:51]} 35. Nd2 {[%clk 00:21:36]}
{[%emt 00:01:34]} Ra1 {[%clk 00:21:40]} {[%emt 00:00:05]} 36. b4 {[%clk
00:20:42]} {[%emt 00:01:24]} Rd1 {[%clk 00:20:05]} {[%emt 00:02:04]} 37. Ne4
{[%clk 00:18:42]} {[%emt 00:02:30]} Rd4 {[%clk 00:18:57]} {[%emt 00:01:38]} 38.
Kf3 {[%clk 00:16:54]} {[%emt 00:02:18]} Nb8 {[%clk 00:15:30]} {[%emt 00:03:57]}
39. Rd2 {[%clk 00:10:35]} {[%emt 00:06:49]} Nc6 {[%clk 00:14:48]} {[%emt
00:01:12]} 40. Rxd4 {[%clk 00:01:14]} {[%emt 00:09:50]} exd4 {[%clk 00:09:43]}
{[%emt 00:05:35]} 41. b5 {[%clk 00:26:47]} {[%emt 00:04:58]} Ne5+ {[%clk
00:36:50]} {[%emt 00:03:24]} 42. Kf4 {[%clk 00:26:35]} {[%emt 00:00:41]} axb5
{[%clk 00:27:50]} {[%emt 00:09:30]} 43. Ng5+ {[%clk 00:25:09]} {[%emt
00:01:56]} Kf6 {[%clk 00:26:56]} {[%emt 00:01:25]} 44. Ne4+ {[%clk 00:25:02]}
{[%emt 00:00:37]} Ke6 {[%clk 00:27:16]} {[%emt 00:00:10]} 45. Ng5+ {[%clk
00:25:25]} {[%emt 00:00:06]} 1/2-1/2